| 000 | 00741nam a2200229Ia 4500 | ||
|---|---|---|---|
| 005 | 20220802145605.0 | ||
| 008 | 210716s2003 xx 000 0 und d | ||
| 020 | _a8176710369 | ||
| 040 | _cAIMIT LIBRARY | ||
| 041 | _aeng | ||
| 082 |
_a574.80285 _22 _bBALP |
||
| 100 |
_aBaldi, Pierre. _954397 |
||
| 245 |
_aBioinformatics : _bmachine learning approach / _cBy Pierre Baldi and Soren Brunak. |
||
| 250 | _a2nd ed. | ||
| 260 |
_aNew Delhi : _bAffiliated East- West Press Ltd , _c2003. |
||
| 300 |
_axxi, 452p. ; _c22.5 cm. |
||
| 650 |
_aMachine learning algorithms _954398 |
||
| 650 |
_aNeural networks: applications _954399 |
||
| 650 |
_aStatistics _954400 |
||
| 700 |
_aBrunak, Soren. _954401 |
||
| 942 |
_2ddc _cBK _e2nd _k574.80285 BALP |
||
| 999 |
_c186434 _d186434 |
||